Pokemon - Feu - Statistiques

Statistiques générales
  • Ce quiz a été pris 21 fois
  • Le résultat moyen est 16 sur 20
Statistiques - réponses
Questions brulantes Ca chauffe !!! % Correct
Starter d'Alola Flamiaou
100%
Je suis un fourmilier Aflamanoir
95%
Bébé pokemon de type feu Magby
95%
Objet augmentant les attaques feu Charbon
89%
Groudon est le pokemon phare du jeu Rubis
89%
Seul pokemon avec le double type feu-eau Volcanion
89%
Soigne une brulure Anti-brûle
84%
Petit cochon de feu Gruikui
84%
Prend le double type feu-spectre dans une certaine région Ossatueur d'Alola
79%
Ultrachimère de type feu Pierroteknik
79%
Champion de type feu de Kanto Auguste
74%
Permet de faire évoluer magmar Magmariseur
74%
Permet à un certain légendaire de prendre le type feu Plaque feu
74%
Pokemon de la 9éme génération pouvant méga-evoluer Scovilain
74%
Attaque augmentant la vitesse du pokemon Nitrocharge
68%
Attaque signature d'Heatran Vortex Magma
68%
Talent immunisant aux attaques feu et offrant un boost dès qu'il est touché par une attaque feu Torche
63%
Membre du conseil 4 avec un Simiabraz Adrien
58%
Talent pouvant brûler le pokemon adversaire Corps ardent
58%
Attaque augmentant les attaques de type feu de 50% Zenith
58%
Aucun quiz correspondant
Distribution des résultats
% des personnes avec chaque résultat
Percentile par nombre de réponses
Votre historique - résultats
Vous n’avez pas pris ce quiz